Tìm hiểu luật phá sản doanh nghiệp và hướng dẫn thi hành

Gorde:
Xehetasun bibliografikoak
Egile nagusia: Đào Thanh Hải
Formatua: Liburua
Hizkuntza:Vietnamese
Argitaratua: Lao động 2000
Etiketak: Etiketa erantsi
Etiketarik gabe, Izan zaitez lehena erregistro honi etiketa jartzen!
Thư viện lưu trữ: Mạng thư viện Đại học Đà Nẵng
LEADER 00682nam a2200253 4500
001 000020648
003 17094
005 20150324110349.0
008 150324s2000 viesd
020 |c 30000 
041 0 |a vie 
082 1 4 |a 346.078  |b ĐA-H 
100 1 |a Đào Thanh Hải 
245 1 0 |a Tìm hiểu luật phá sản doanh nghiệp và hướng dẫn thi hành  |c Đào Thanh Hải, Trần Văn Sơn. 
260 |b Lao động  |c 2000 
300 |a tr.  |c cm. 
OWN |a LSP 
999 |a From the UDN01 
TYP |a Monograph 
TYP |a Printed language 
980 |a Mạng thư viện Đại học Đà Nẵng